Music Quiz

Random Music or Lyrics Quiz

Folsom Prison Blues Clicky-oke Quiz Stats

Quiz Updated Aug 17, 2016

Challenge
Share
Tweet
Embed
Score 0/17 Timer 03:00
6 Plays Today
% Correct
Since, I don't know when
93.8%
My Mama told me, 'Son
91.3%
Don't ever play with guns'
90.6%
It's rollin' 'round the bend
90.6%
Just to watch him die
89.4%
And smokin' big cigars
88.6%
I hang my head and cry
81%
Farther down the line
79.4%
Blow my Blues away
78.2%
% Correct
And time keeps draggin' on
77.6%
From this prison
77.2%
In a fancy dining car
76.8%
Was mine
75.5%
And that's what tortures me
71.1%
On down to San Antone
69.1%
I know I can't be free
64.5%
That's where I want to stay
64.1%

You're not logged in!

Compare scores with friends on all Sporcle quizzes.
Join for Free
OR
Log In

You Might Also Like...

Show Comments

Extras

Top Quizzes Today


Score Distribution

Your Account Isn't Verified!

In order to create a playlist on Sporcle, you need to verify the email address you used during registration. Go to your Sporcle Settings to finish the process.

Report this User

Report this user for behavior that violates our Community Guidelines.

Details: